| 000 | 01279 a2200385 4500 | ||
|---|---|---|---|
| 999 |
_c71348 _d19740 |
||
| 001 | 71348 | ||
| 003 | TR-AnTOB | ||
| 005 | 20201016121256.0 | ||
| 008 | 080725s1992 tu 10010 tur | ||
| 040 |
_aTR-AnTOB _cTR-AnTOB |
||
| 041 | _atur | ||
| 050 |
_aHG1318 _b.P37 1992 |
||
| 090 | _aHG1318 .P37 1992 | ||
| 245 | 0 |
_aPara, faiz ve İslam / _cSabri Orman...[ve başk.]. |
|
| 264 | 1 |
_aİstanbul: _bİslami İlimler Araştırma Vakfı, _c1987. |
|
| 300 |
_a236 s.; _c24 cm. |
||
| 336 |
_2rdacontent _atext _btxt |
||
| 337 |
_2rdamedia _aunmediated _bn |
||
| 338 |
_2rdacarrier _avolume _bnc |
||
| 490 | 0 |
_aİslami İlimler Araştırma Vakfı yayınları ; _v11 _aTartışmalı ilmi toplantılar dizisi ; _v4 |
|
| 500 | _aBibliyografik referanslar içerir. | ||
| 504 | _aBibliyografya: s.[236]. | ||
| 590 |
_aSn.Celil Güngör tarafından _cbağışlanmıştır. |
||
| 650 |
_aPara _zİslam ülkeleri _945760 |
||
| 650 |
_aFaiz _zİslam ülkeleri _945761 |
||
| 650 |
_aMoney _zIslamic countries _945762 |
||
| 650 |
_aInterest _zIslamic countries _945763 |
||
| 700 |
_aOrman, Sabri, _d1948- _945758 |
||
| 710 | 2 | 2 |
_aİslâmî İlimler Araştırma Vakfı _945759 |
| 902 | _a0024569 | ||
| 903 | _aMerkez Kütüphane | ||
| 942 |
_cBK _2lcc |
||
| 945 | _aAY. BS | ||